000 00763cam a2200217 4500
001 ABS61719
008 000000n1999 000 0 eng u
035 _a(Sirsi) u103243
100 _aHarding, J.
245 _aMapping via satellite
260 _c1999
490 _aGeo Informatics
_v October/November 1999, 24-25(2)
520 _aPresents the pilot scheme to develop a satellite communications network for updating digital maps. The project known as MultiMap, is being undertaken by Ordnance Survey and has received backing from the European Space Agency.
590 _aABS
650 _aORDNANCE SURVEY
650 _aMULTIMAP
650 _aDIGITAL MAPPING
650 _aCOMMUNICATIONS NETWORKS
690 _aMAPPING AND MEASUREMENT
942 _n0
999 _c62046
_d62046